=LDR 00000nam 2200000 4500 =001 INLIS000000000810020 =005 20251006090537 =035 ##$$a 0010-1025000003 =100 ##$$a Sidik purnomo =245 1#$$a Mesin las listrik output AC =260 ##$$a Jakarta : :$b CV Visindo media persada,,$c 2007 =300 ##$$a 57 hlm : $b ilus ; $c 15 x 21,7 cm =990 ##$$a 0026986 =990 ##$$a 0026984 =008 251006###########################0###### =082 ##$$a 671.5 =084 ##$$a 671.5 SID m =020 ##$$a 979-1323-08-9 =007 ta